Sexing the body : gender politics and the construction of sexuality
Αποθηκεύτηκε σε:
| Κύριος συγγραφέας: | |
|---|---|
| Μορφή: | Βιβλίο |
| Γλώσσα: | English |
| Δημοσίευση: |
New York :
Basic Books,
2000
|
| Θέματα: | |
| Ετικέτες: |
Προσθήκη ετικέτας
Δεν υπάρχουν, Καταχωρήστε ετικέτα πρώτοι!
|
MARC
| LEADER | 00000nam a2200000 i 4500 | ||
|---|---|---|---|
| 001 | 1/71335 | ||
| 008 | 080118s2001 eng d | ||
| 020 | |a 978-0-465-07714-4 | ||
| 020 | |a 0-465-07714-5 | ||
| 035 | |l 10093876 | ||
| 040 | |a GR-MY-UA |b gre |e aacr | ||
| 041 | 0 | |a eng | |
| 082 | 0 | |a 155.33 |2 (22) | |
| 100 | 1 | |a Fausto-Sterling, Anne |d 1944- | |
| 245 | 1 | 0 | |a Sexing the body : |b gender politics and the construction of sexuality / |c Anne Fausto-Sterling |
| 260 | |a New York : |b Basic Books, |c 2000 | ||
| 300 | |a xii, 473 σ.; |b εικ.; |c 20 εκ. | ||
| 504 | |a Βιβλιογραφία: σ. [381]-449 | ||
| 504 | |a Ευρετήριο: σ. [451]-473 | ||
| 650 | 0 | 0 | |a Sex differences. |
| 650 | 0 | 0 | |a Gender identity. |
| 650 | 0 | 0 | |a Sex differentiation. |
| 650 | 0 | 0 | |a Intersexuality. |
| 650 | 0 | 0 | |a Sex (Biology) |
| 650 | 0 | 0 | |a Sex role. |
| 650 | 0 | 0 | |a Hermaphroditism |x History. |
| 852 | |a INST |b LESVOS |e 20080118 |h 155.33 FAU |p 005100040891 |q 005100040891 |t BK |y 0 | ||
| 901 | |a BIBL1-2008-1 | ||
| 909 | |a Λ |b 142714 | ||
| 922 | |a 1ΕΛΗ |b 200712 |c ΕΠΕΑΕΚ2/ΤΚΑ |d ΕΛΕΥΘΕΡΟΥΔΑΚΗΣ | ||
| 970 | |a ΧΑΤΖΗΜΙΧΑΗΛ |b ΜΑΡΙΑ |z 2008/01/18 | ||